Machine learning for absolute beginers (Record no. 2696)

000 -LEADER
fixed length control field 00672nam a2200253Ia 4500
007 - PHYSICAL DESCRIPTION FIXED FIELD--GENERAL INFORMATION
fixed length control field ta
008 - FIXED-LENGTH DATA ELEMENTS--GENERAL INFORMATION
fixed length control field 230330t2017||||xxua ||gd|||||||1 ||eng||
020 ## - INTERNATIONAL STANDARD BOOK NUMBER
International Standard Book Number 9781549617218
Terms of availability Rs. 1582.80
040 ## - CATALOGING SOURCE
Original cataloging agency IMU Kochi Library
Language of cataloging eng
041 0# - LANGUAGE CODE
Language code of text/sound track or separate title eng
044 ## - COUNTRY OF PUBLISHING/PRODUCING ENTITY CODE
MARC country code United States
082 04 - DEWEY DECIMAL CLASSIFICATION NUMBER
Edition number 23
Classification number 006.31
Item number T3424
100 1# - MAIN ENTRY--PERSONAL NAME
Personal name Theobald, Oliver
245 10 - TITLE STATEMENT
Title Machine learning for absolute beginers
Sub Title : a plain english introduction /
250 ## - EDITION STATEMENT
Edition statement 2nd ed.
260 ## - PUBLICATION, DISTRIBUTION, ETC. (IMPRINT)
Place of publication, distribution, etc [USA]:
Name of publisher, distributor, etc Oliver Theobald,
Date of publication, distribution, etc 2017
300 ## - PHYSICAL DESCRIPTION
Extent 165 p. :
Other physical details ill. ;
Dimensions 23 cm.
650 #0 - SUBJECT ADDED ENTRY--TOPICAL TERM
Topical term or geographic name as entry element Computer algorithms
650 #0 - SUBJECT ADDED ENTRY--TOPICAL TERM
Topical term or geographic name as entry element Data Mining
650 #0 - SUBJECT ADDED ENTRY--TOPICAL TERM
Topical term or geographic name as entry element Machine learning
852 ## - LOCATION/CALL NUMBER
Location IMU Kochi Library
904 ## - LOCAL DATA ELEMENT D, LDD (RLIN)
CATALOGER Akhil Bose
942 ## - ADDED ENTRY ELEMENTS (KOHA)
Item type Books
Holdings
Withdrawn status Lost status Source of classification or shelving scheme Damaged status Not for loan Collection code Permanent location Current location Shelving location Date acquired Source of acquisition Cost, normal purchase price Total Checkouts Full call number Barcode Date last seen Date last borrowed Koha item type Public note
          Computer Science IMU Kochi Library IMU Kochi Library General Stacks 2023-03-30 M/S Maruthi Subscription Services (Inv. No. GST/22-23/73 Dt. 2023-01-02) 1582.80 1 006.31 T3424 BK006176 2024-08-21 2024-08-21 Books Gen. Shelf-2, Row-3
          Computer Science IMU Kochi Library IMU Kochi Library General Stacks 2023-03-30 M/S Maruthi Subscription Services (Inv. No. GST/22-23/73 Dt. 2023-01-02) 1582.80   006.31 T3424 BK006177 2023-06-19   Books Gen. Shelf-2, Row-3


Copyright © All Rights Reserved by Indian Maritime University, Kochi Campus.
For any Suggestions/Query Contact to library or Email: library.kochi@imu.ac.in Ph:(0484)-2989402
(Web OPAC Designed by Rudra Ranjan. Maintained by IMU Kochi Library)

Powered by Koha